Parametric study on the heat transfer characteristics of radially displaced rotating heat pipe and its potential in HVAC & R applications /
Saved in:
| 主要作者: | |
|---|---|
| 格式: | Thesis 圖書 |
| 語言: | English |
| 出版: |
2010.
|
| 主題: | |
| 標簽: |
添加標簽
沒有標簽, 成為第一個標記此記錄!
|
| LEADER | 01154cam a2200277 a 4500 | ||
|---|---|---|---|
| 001 | u801899 | ||
| 003 | SIRSI | ||
| 005 | 201012141329 | ||
| 008 | 101214s2010 my a t 000 0 eng m | ||
| 040 | |a UMM |d UMJ | ||
| 090 | |a TJ7 |b UM 2010 Foo | ||
| 097 | |a TJ7 |b UM 2010 Foo | ||
| 100 | 1 | |a Foo, Yew Choon. | |
| 245 | 1 | 0 | |a Parametric study on the heat transfer characteristics of radially displaced rotating heat pipe and its potential in HVAC & R applications / |c Foo Yew Choon. |
| 260 | |c 2010. | ||
| 300 | |a x, 113 leaves : |b ill. ; |c 30 cm. | ||
| 502 | |a Dissertation (M.Eng.) -- Jabatan Kejuruteraan Mekanik, Fakulti Kejuruteraan, Universiti Malaya, 2010. | ||
| 504 | |a Bibliography: leaves 79-81. | ||
| 650 | 0 | |a Heat pipes |x Cooling. | |
| 650 | 0 | |a Heat |x Radiation and absorption. | |
| 650 | 0 | |a Cooling |x Equipment and supplies. | |
| 710 | 2 | 0 | |a Universiti Malaya. |b Jabatan Kejuruteraan Mekanik. |
| 900 | |a SMS-ZA | ||
| 596 | |a 1 7 | ||
| 999 | |a TJ7 UM 2010 FOO |w LC |c 1 |i A507040571 |d 12/5/2011 |f 12/5/2011 |g 1 |l STACKS |m P01UTAMA |r Y |s Y |t TESIS |u 11/5/2011 | ||
| 999 | |a TJ7 UM 2010 FOO |w LC |c 1 |i A507040731 |d 10/4/2012 |f 10/4/2012 |g 2 |l STACKS |m P07JURUTER |r N |s Y |t TESIS |u 10/6/2011 | ||
